Catálogo
Digital

Catálogo
Digital

Ecuador Debate N°97. Migraciones y Violencias (Record no. 13524)

MARC details
000 -CABECERA
campo de control de longitud fija 02154nam a2200397 4500
003 - IDENTIFICADOR DEL NÚMERO DE CONTROL
campo de control EC-UNACH
005 - FECHA Y HORA DE LA ÚLTIMA TRANSACCIÓN
campo de control 20250514093643.0
006 - CÓDIGOS DE INFORMACIÓN DE LONGITUD FIJA--CARACTERÍSTICAS DEL MATERIAL ADICIONAL
campo de control de longitud fija s||||gr|||| 00| 00
008 - DATOS DE LONGITUD FIJA--INFORMACIÓN GENERAL
campo de control de longitud fija 150116t9999 mx r gr 000 0 spa d
020 ## - NÚMERO INTERNACIONAL ESTÁNDAR DEL LIBRO
Número Internacional Estándar del Libro 10121498
040 ## - FUENTE DE LA CATALOGACIÓN
Centro catalogador/agencia de origen EC-UNACH
Centro/agencia transcriptor EC-UNACH
041 ## - CÓDIGO DE LENGUA
Código de lengua del texto/banda sonora o título independiente spa
082 04 - NÚMERO DE LA CLASIFICACIÓN DECIMAL DEWEY
Número de edición 23
Número de clasificación 300
Número de documento/Ítem L017745
110 ## - ENTRADA PRINCIPAL--NOMBRE DE ENTIDAD CORPORATIVA
Nombre de entidad corporativa o nombre de jurisdicción como elemento de entrada Centro Andino de Acción Popular (CAAP)
245 ## - MENCIÓN DE TÍTULO
Título Ecuador Debate N°97. Migraciones y Violencias
250 ## - MENCIÓN DE EDICIÓN
Mención de edición Primera edición
264 ## - Producción, publicación, distribución, fabricación y copyright
Lugar de producción, publicación, distribución, fabricación Quito – Ecuador
Nombre del de productor, editor, distribuidor, fabricante CAAP
Fecha de de producción, publicación, distribución, fabricación o copyright 2016
300 ## - DESCRIPCIÓN FÍSICA
Extensión 198 páginas
Otras características físicas Cuadros, Gráficos
Dimensiones 14,5 X 21 cm
505 ## - NOTA DE CONTENIDO CON FORMATO
Nota de contenido con formato En medio de la tormenta perfecta: agonía de la Revolución Ciudadana y retiro del Caudillo. -- América Latina (2002-2013): ¿Reversión de las tendencias excluyentes del capitalismo neoliberal? . -- Conflictividad socio-política: noviembre 2015-febrero 2016. -- Violencias hacia los migrantes en México: un ejercicio conceptual. -- Movilidad humana, irregularidad y "tráfico ilícito de migrantes". -- Políticas migratorias restrictivas y violencia institucional contra los migrantes. -- Vulnerabilidad y violencia en el corredor Centroamérica-México-Estados Unidos. -- Inmigración de menores centroamericanos y reacciones en Estados Unidos. -- La migración indocumentada en México: Estadísticas para el análisis. --¿Crisis migratoria contemporánea? Complejizando dos corredores migratorios globales. --¿Qué hay detrás de las normas? Análisis institucional del acceso al agua de los campesinos arroceros. -- La construcción política desde los imaginarios indígenas.
650 ## - PUNTO DE ACCESO ADICIONAL DE MATERIA--TÉRMINO DE MATERIA
Término de materia o nombre geográfico como elemento inicial REVOLUCIÓN CIUDADANA
650 ## - PUNTO DE ACCESO ADICIONAL DE MATERIA--TÉRMINO DE MATERIA
Término de materia o nombre geográfico como elemento inicial AMÉRICA LATINA
650 ## - PUNTO DE ACCESO ADICIONAL DE MATERIA--TÉRMINO DE MATERIA
Término de materia o nombre geográfico como elemento inicial CAPITALISMO NEOLIBERAL
650 ## - PUNTO DE ACCESO ADICIONAL DE MATERIA--TÉRMINO DE MATERIA
Término de materia o nombre geográfico como elemento inicial MIGRACIÓN INDOCUMENTADA
650 ## - PUNTO DE ACCESO ADICIONAL DE MATERIA--TÉRMINO DE MATERIA
Término de materia o nombre geográfico como elemento inicial CAMPESINOS ARROCEROS
700 ## - PUNTO DE ACCESO ADICIONAL--NOMBRE DE PERSONA
Nombre de persona Burbano de Lara, Felipe
700 ## - PUNTO DE ACCESO ADICIONAL--NOMBRE DE PERSONA
Nombre de persona Salgado Tamayo, Wilma
700 ## - PUNTO DE ACCESO ADICIONAL--NOMBRE DE PERSONA
Nombre de persona Casillas, Rodolfo
700 ## - PUNTO DE ACCESO ADICIONAL--NOMBRE DE PERSONA
Nombre de persona Armijo Canto, Natalia
700 ## - PUNTO DE ACCESO ADICIONAL--NOMBRE DE PERSONA
Nombre de persona Gallegos, Argelia
942 ## - ELEMENTOS DE PUNTO DE ACCESO ADICIONAL (KOHA)
Fuente del sistema de clasificación o colocación Clasificación Decimal Dewey
Tipo de ítem Koha Libros
999 ## - NÚMEROS DE CONTROL DE SISTEMA (KOHA)
Koha biblionumber 13524
Holdings
Estado de pérdida Fuente del sistema de clasificación o colocación Estado dañado No para préstamo Localización permanente Ubicación/localización actual Ubicación en estantería Fecha de adquisición Fuente de adquisición Número de inventario Total de préstamos Signatura topográfica completa Código de barras Fecha visto por última vez Precio válido a partir de Tipo de ítem Koha Centro de costos
  Clasificación Decimal Dewey     Biblioteca Campus Norte Biblioteca Campus Norte Facultad de Ciencias Políticas y Administrativas - Generalidades 16/04/2025 Donación CAAP 39686976   300 CEN L017745 L017745 16/04/2025 16/04/2025 Libros  

Powered by Koha